Muscles 2024 101 - Statistics

General Stats
  • This quiz has been taken 22 times
    14 since last reset
  • The average score is 2 of 16
Answer Stats
Hint Answer % Correct
ANTERIOR A
80%
POSTERIOR P
80%
Orbicularis oris Mouth
40%
Mbicularis oculi Eyes
20%
Recuts abdominis Trunk
20%
Fibularis Back lower leg
0%
Deltoid Back shoulder
0%
Triceps Back upper arm
0%
tibialis Front lower leg
0%
Deltoid Front shoulder
0%
Triceps Front Upper arm
0%
Gluteus Maximus Hip
0%
Biceps Upper arm
0%
Trapezius Upper back
0%
Quadriceps Upper leg
0%
Hamstrings Upper leg
0%
No matching quizzes found
Score Distribution
Percent of People with Each Score
Percentile by Number Answered
Your Score History
You have not taken this quiz since the last reset